000 00650nam a2200253Ia 4500
003 OSt
005 20221006145319.0
006 a|||||r|||| 00| 0
007 ta
008 221006b |||||||| |||| 00| 0 eng d
020 _c500.00
024 _a14,425
037 _b5, 12/09/2003, Good Book Company
_cTextual
040 _aEASL
_cEASL
_beng
041 _2eng
_aeng
082 _a954, P3
100 _aDD Ball
_9654101
245 0 _aHist
260 _aDelhi
_bSSS
_c2003
300 _a400p
_ccm.
650 _aScience
942 _h954, P3
_cTEXL
_2CC
999 _c1082511
_d1082511